| 000 | 00545nam a2200181 i 4500 | ||
|---|---|---|---|
| 001 | 91459 | ||
| 003 | ES-MaACL | ||
| 005 | 20230906180727.0 | ||
| 007 | t| | ||
| 008 | 050131s1903 fr |||| | fre d | ||
| 100 | 1 |
_aLewin, Louis. _972029 |
|
| 245 | 1 | 0 |
_aTraité de toxicologie / _cpar L. Lewin ; traduit et annoté par G. Pouchet. |
| 260 |
_aParis : _bOctave Doin, _c1903 ( _eDijon : _fDarantiére) |
||
| 300 |
_aVI, 1120 p. ; _c25 cm. |
||
| 650 | 4 |
_aToxicología. _9136941 |
|
| 700 | 1 |
_aPouchet, Gabriel. _993423 |
|
| 852 |
_aES-MaACL _jG-14166 |
||
| 999 |
_c91459 _d91459 |
||